| 000 | 01748cam a2200229 i 4500 | ||
|---|---|---|---|
| 999 |
_c37494 _d37494 |
||
| 020 | _a9781506375885 | ||
| 041 | _aeng. | ||
| 082 | 0 | 0 |
_a155.820973 _bPED-M |
| 100 | 1 |
_aPedrotti, Jennifer Teramoto, _eauthor. |
|
| 245 | 1 | 0 |
_aMulticultural psychology : _bself, society, and social change / _cJennifer Teramoto Pedrotti, Denise A. Isom. |
| 250 | _aFirst edition. | ||
| 260 |
_aThousand Oaks, California : _bSage, _c2021. |
||
| 300 | _axix, 400p. | ||
| 504 | _aIncludes bibliographical references. | ||
| 520 | _aCombining theory and history with an active approach rooted in self-reflection, Multicultural Psychology applies a framework of self-awareness and social justice to foundational and current topics across Multicultural Psychology studies today. Multicultural Psychology focuses on identity and its social context to help students view culture not just as a minority issue, but a way of understanding all human experiences. Multicultural Psychology will help students apply concepts to their own lives at point of learning, to assess their own awareness and progress, and to consider their own role and ability to engage in social change. With this balanced approach, Multicultural Psychology helps students entering the course with varied levels of cultural and diversity awareness to understand their individual and social cultural contexts, to gain awareness of their interactions with others, and to understand the intersections that occur with other cultures across their lives and careers. | ||
| 546 | _aEnglish. | ||
| 650 | 0 |
_aEthnopsychology _zUnited States. |
|
| 650 | 0 |
_aMinorities _zUnited States _xPsychology. |
|
| 650 | 0 |
_aEthnic groups _zUnited States _xPsychology. |
|
| 700 | 1 |
_aIsom, Denise A. _eauthor. |
|
| 942 |
_2ddc _cBK |
||